000 00812nam a2200193 a 4500
001 000261510
003 AM-YeHGA
005 20250618071741.0
008 030912s1986 ai 000 | arm d
040 _aAM-YeHGA
100 1 _aԳրիգորյան, Քաջիկ Գուրգենի,
_d1926-2000
_9378
245 1 0 _aԱխուրյանի ափին :
_b[Բանաստեղծություններ, լեգենդներ, բալլադներ] /
_cՔ. Գրիգորյան; Խմբ.՝ Ա.Ս. Քիշոյան; Նկ.՝ Ռ. Հովհաննիսյան.
260 _aԵրևան :
_bՍովետական գրող,
_c1986.
300 _a279 էջ ;
_c17 սմ.
650 1 4 _aՀայ գրականություն
_xՊոեզիա
700 1 _aՔիշոյան, Ա.Ս.
_eխմբ.
_4edt
700 1 _aՀովհաննիսյան, Ռ.
_eնկ.
_4art
090 _c95933
999 _c94632
_d94632